000 00200nam a2200097Ia 4500
100 _aCurriculum Ceentre
942 _cBK
245 _aDesk Work
260 _bCurriculum Centre
_c2001
546 _aENGLISH
999 _c31793
_d31793